000 00687cab a2200217 4500
001 WB3316-41
008 090401t1997 xxu||||| |||| 00| 0 eng d
035 _a(Sirsi) u77933
041 _aeng
245 _aModulation issue revived
260 _c1997
350 _a0
490 _aHerald
_v24 April 1997,29(1)
520 _aSummary of Fraser Barraclough`s speech to the Scottish Landowners Federation conference, covers the principle of modulation in CAP reform and the importance for landowners of adopting a known management policy.
650 _aCAP REFORM
650 _aMODULATION
650 _aSCOTLAND
690 _aRURAL PRACTICE
942 _n0
948 _c25/04/1997
999 _c49009
_d49009